00451nam a2200169Ia 4500008004100000040001900041041001200060082002500072100001900097245004800116260002900164300002100193630002200214650002100236651001400257850001000271131103s9999 xx 000 0 und d aLoreto College aEnglish a920/NEHbLCLIB/17213 aRahbar,Hansraj aJawaharlal Nehrub benkah cHansaraj Rahbar aThe Author bDelhic1969 a237 p. c 18 cm. aIndia - Biography aNehru,Jawaharlal aBiography aLCLIB